000 00351nam a22001217a 4500
999 _c2460
_d2460
005 20200915120019.0
008 200915b ||||| |||| 00| 0 eng d
020 _a9780385470469
040 _cCML
245 _aA History of Philosophy.
_cCopleston, F.
260 _aNew York
_bImagine Book Doubleday
_c1994
942 _2ddc
_cBK
_h901
_mCOP